| 000 | 00764pam a2200253 a 4500 | ||
|---|---|---|---|
| 001 | 015634241 | ||
| 003 | Uk | ||
| 005 | 20130131134647.0 | ||
| 008 | 100419s2010 enka b 000 0 eng c | ||
| 020 | _a0230107311 (pbk.) : | ||
| 020 | _a9780230107311 (pbk.) : | ||
| 020 | _a023010729X (hbk.) : | ||
| 020 | _a9780230107298 (hbk.) : | ||
| 082 | 0 | 4 |
_a333.7 _222 _bSCO |
| 100 | 1 |
_aScorse, Jason. _932195 |
|
| 245 | 1 | 0 |
_aWhat Environmentalists Need to Know About Economics / _cJason Scorse. |
| 260 |
_aBasingstoke : _bPalgrave Macmillan, _c2010. |
||
| 300 |
_avi, 226 p. : _bill. ; _c22 cm. |
||
| 500 |
_aFormerly CIP. _5Uk |
||
| 504 | _aBibliography: p. [205]-226. | ||
| 650 | 0 |
_aEnvironmental economics. _932196 |
|
| 653 |
_bEco _cJanuary2013 |
||
| 942 |
_2ddc _cBB |
||
| 999 |
_c17184 _d17156 |
||